| 000 | 01075cam a2200217 4500 | ||
|---|---|---|---|
| 001 | WB3934-17 | ||
| 008 | 030910n2003 000 0 eng u | ||
| 035 | _a(Sirsi) u123550 | ||
| 245 | _aPlanning system must be fast but fair | ||
| 260 | _c2003 | ||
| 490 |
_aODPM News Release _v (0174) 4 September 2003, (2) |
||
| 520 | _aFrom 4 September 2003 the time limit for applicants lodging a planning, listed building or conservation area consent appeal has been reduced from six months to three months. In addition to routine consultation with statutory consultees being speeded up, planning authorities will have to give reasons for granting planning permission, listed building or conservation area consent. For the ODPM release: http://www.odpm.gov.uk/pns/DisplayPN.cgi?pn_id=2003_0174 | ||
| 650 | _aPLANNING APPEALS | ||
| 650 | _aCONSULTATION | ||
| 650 | _aLISTED BUILDING | ||
| 650 | _aCONSERVATION AREAS | ||
| 650 | _aREGIONAL DEVELOPMENT AGENCIES | ||
| 650 | _aTIME LIMITS | ||
| 690 | _aENVIRONMENTAL AND LAND CONSULTANCY-PLANNING AND DEVELOPMENT | ||
| 942 | _n0 | ||
| 999 |
_c73383 _d73383 |
||